Countries within 500km of Denmark - Statistics

General Stats
  • This quiz has been taken 47 times
  • The average score is 8 of 8
Answers on the Map
Answers color-coded by a green-red scale on the quiz's map according to % correct below.
 
Answer Stats
Answer % Correct
Belgium
100%
Germany
100%
Netherlands
100%
Norway
100%
Poland
100%
Sweden
100%
Czech Republic
98%
Russia
95%
No matching quizzes found
Score Distribution
Percent of People with Each Score
Percentile by Number Answered
Your Score History
You have not taken this quiz